Statistics for Famous Norwegians

Click here to take the quiz!

General Stats

  • This quiz has been taken 693 times
  • The average score is 9 of 21

Answer Stats

HintAnswer% Correct
Expressionist painter known for "The Scream"Edvard Munch
88%
Playwright and novelist who authored "Peer Gynt" and "A Doll's House"Henrik Ibsen
82%
Explorer who discovered the South Pole in 1911Roald Amundsen
78%
Composer famous for "Lyric Pieces" and incidental music to "Peer Gynt"Edvard Grieg
64%
Fascist politician who collaborated with Germany in World War II and was executed for high treason in 1945Vidkun Quisling
60%
Ethnographer and adventurer known for the Kon-Tiki expedition across the Pacific Ocean in 1947Thor Heyerdahl
52%
Explorer, scientist, diplomat and humanitarian whose efforts to defend refugees and displaced people earned him the Nobel Peace Prize in 1922Fridtjof Nansen
46%
King of Norway since 1991Harald V
45%
Author who wrote the lyrics to the Norwegian national anthem and received the Nobel Prize for Literature in 1903Bjørstjerne Bjørnson
44%
Figure-skating champion who became one the highest-paid filma stars in Hollywood in the 30's and 40'sSonja Henie
43%
Author who wrote "Hunger" and "Growth of the Soil" and received the Nobel Prize for Literature in 1920Knut Hamsun
42%
Cross-country skier, most successful sprinter in cross-country World Cup historyMarit Bjørgen
41%
Explorer who founded the first Norse settlement in GreenlandErik the Red
33%
Cross-country skier, most successful winter Olympic champion of all timeBjørn Dæhlie
28%
First Secretary-General of the United NationsTrygve Lie
25%
Actress and filmmaker who starred in several films by Swedish director Ingmar Bergman (eg. "Persona", "Shame", "Hour of the Wolf") and also has a daughter with himLiv Ullmann
23%
World-famous violinist of the 19th century who bought land and found a colony in PennsylvaniaOle Bull
21%
Physician who identified the prime agent of leprosy in 1873; leprosy is also known as "_____'s disease" in his honourGerhard Armauer Hansen
12%
Black metal band whose discography includes "Death Cult Armageddon" and "In Sorte Diaboli"Dimmu Borgir
11%
Wagnerian soprano often called "the voice of the century"Kirsten Flagstad
8%
Businessman who built large shipping empire bearing his nameThomas Fredik Olsen (Fred. Olsen)
6%

Score Distribution

Percentile by Number Answered

Percent of People with Each Score

Your Score History

You have not taken this quiz